000 01079nam a2200253Ia 4500
003 OSt
005 20220923220624.0
006 a|||||r|||| 00| 0
007 ta
008 220922b |||||||| |||| 00| 0 hin d
024 _a188,012
037 _cTextual
040 _aARTS
_cARTS
_bhin
041 _2hin
_ahin
082 _aV25213:1:M3, 152K2
100 _aमोतीचन्द्र
245 0 _aकाशी का इतिहास
_b वैदिक काल से अर्वाचीन युग तक का राजनैतिक सांस्कृतिक सर्वेक्षण
246 _aKāshī kā itihāsa: vaidik kāl se arvāchīn yug tak kā rājanaitik sāanskṛutik sarvekṣhaṇa
260 _aबम्बई
_b हिन्दी गं्रथ रत्नाकर
_c1962
300 _a477 पृ.
_ccm.
490 _aहिन्दी ग्रंथ रत्नाकर सीरिज
942 _hV25213:1:M3, 152K2
_cTEXL
_2CC
999 _c341088
_d341088